000 00770nam a2200229 a 4500
001 000024555
005 20200930023233.0
008 110131s1982 sp r 000 0 spa d
020 _a8427606044
040 _aDO-SdBNP
082 _ann*
_bnn*
100 1 _aDurkheim, Emilio.
_950337
245 1 3 _aEl socialismo /
_cEmilio Durkheim ; edición de Ramón Ramos Torre.
260 _aMadrid :
_bNacional,
_c1982.
300 _a322 p. ;
_c22 cm.
490 1 _aClásicos para una biblioteca contemporánea.
_v22
500 _aIncluye referencias bibliográficas y notas al pie de las páginas.
504 _aBibliografía : 91-96 p.
700 1 _aRamos Torres, Ramón,
_eed.
_950338
830 0 _aClásicos para una biblioteca contemporánea
_v22
_948480
049 _aBNGR
999 _c24048
_d24048